Noms de pays sans déteminant - Statistiques

Statistiques générales
  • Ce quiz a été pris 361 fois
    60 depuis la dernière actualisation
  • Le résultat moyen est 11 sur 23
Statistiques - réponses
Pays % Correct
Monaco
80%
Saint-Marin
66%
Saint-Vincent-et-les-Grenadines
62%
Sainte-Lucie
60%
Cuba
58%
Madagascar
56%
Trinité-et-Tobago
52%
Saint-Christophe-et-Niévès
50%
Singapour
50%
Haïti
46%
Antigua-et-Barbuda
44%
Malte
44%
Sao Tomé-et-Principe
44%
Taïwan
44%
Chypre
42%
Israël
38%
Nauru
38%
Oman
38%
Cabo Verde
34%
Djibouti
30%
Kiribati
30%
Bahreïn
26%
Brunei
26%
Aucun quiz correspondant
Distribution des résultats
% des personnes avec chaque résultat
Percentile par nombre de réponses
Votre historique - résultats
Vous n’avez pas pris ce quiz depuis la dernière actualisation